[Event "2. BUNDESLIGA MITTE 2017/2018"]
[Site "St. Valentin, Pinggau/Villach/Taufkirchen, Fuerstenfeld, St. Veit"]
[Date "2017.10.28"]
[Round "2"]
[Board "6"]
[White "Reinwald, Patrick"]
[Black "Bachlechner, Julian"]
[Result "1-0"]
[WhiteElo "2169"]
[BlackElo "2109"]
[PlyCount "90"]
[EventDate "2017.10.27"]
[EventType "team"]
[EventRounds "11"]
[EventCountry "AUT"]
[WhiteTeam "SPG Sparkasse Pinggau-Friedberg"]
[BlackTeam "ESV ASKOE Admira Villach"]

1. e4 d6 2. d4 Nf6 3. Nc3 g6 4. Be3 c6 5. Qd2 b5 6. f3 Nbd7 7. g4 a6 8. h4 Nb6
9. h5 gxh5 10. g5 Nfd7 11. Rxh5 Bg7 12. Qh2 Nf8 13. f4 b4 14. Nd1 d5 15. e5 Bf5
16. Bd3 Bxd3 17. cxd3 Qd7 18. Rc1 Rc8 19. Rc2 Na4 20. f5 Qxf5 21. g6 Qxd3 22.
gxf7+ Kxf7 23. Rf2+ Ke8 24. Qf4 Ne6 25. Qf7+ Kd7 26. Rf6 Bxf6 27. exf6 Rce8 28.
Re5 Nxd4 29. Rxe7+ Rxe7 30. Qxe7+ Kc8 31. f7 Nc2+ 32. Kf2 Qxd1 33. f8=Q+ Rxf8+
34. Qxf8+ Kd7 35. Qf7+ Kd6 36. Qf6+ Kd7 37. Qg7+ Kd6 38. Qh6+ Kd7 39. Qxh7+ Kd6
40. Qg6+ Kd7 41. Qf7+ Kd6 42. Qf8+ Kd7 43. Qf7+ Kd6 44. Qf6+ Kd7 45. Nf3 Nxe3
 1-0

[Event "2. BUNDESLIGA MITTE 2017/2018"]
[Site "St. Valentin, Pinggau/Villach/Taufkirchen, Fuerstenfeld, St. Veit"]
[Date "2017.10.28"]
[Round "2"]
[Board "1"]
[White "Menezes, Christoph"]
[Black "Korpa, Bence"]
[Result "0-1"]
[WhiteElo "2404"]
[BlackElo "2499"]
[PlyCount "98"]
[EventDate "2017.10.27"]
[EventType "team"]
[EventRounds "11"]
[EventCountry "AUT"]
[WhiteTeam "UNION Ansfelden"]
[BlackTeam "SPG Fuerstenfeld/Hartberg"]

1. d4 Nf6 2. c4 e6 3. Nf3 d5 4. Nc3 c5 5. cxd5 Nxd5 6. e4 Nxc3 7. bxc3 cxd4 8.
cxd4 Bb4+ 9. Bd2 Bxd2+ 10. Qxd2 O-O 11. Rc1 Nc6 12. Be2 Ne7 13. O-O b6 14. Rfd1
Bb7 15. Qe3 Rc8 16. Bd3 Qd6 17. h4 Rxc1 18. Rxc1 Rc8 19. Rxc8+ Nxc8 20. h5 h6
21. Ne5 Qa3 22. Qd2 Nd6 23. f3 Ne8 24. Bc4 Nf6 25. g4 Qd6 26. Kg2 Nh7 27. Bb3
Ng5 28. Qe3 Qc7 29. Nc4 b5 30. Nd2 a5 31. Bd1 Qc1 32. Be2 Qb2 33. f4 Nxe4 34.
Nxe4 f5 35. gxf5 exf5 36. Kf2 fxe4 37. d5 Bxd5 38. Qc5 Be6 39. Qe7 Qf6 40. Qe8+
Kh7 41. Ke3 Qf5 42. Bxb5 Bf7 43. Qe5 Qxe5 44. fxe5 Bxa2 45. Bc6 Kg8 46. Bxe4
Bf7 47. Bf3 a4 48. Kd4 a3 49. Kc3 Kf8  0-1

[Event "2. BUNDESLIGA MITTE 2017/2018"]
[Site "St. Valentin, Pinggau/Villach/Taufkirchen, Fuerstenfeld, St. Veit"]
[Date "2017.10.28"]
[Round "2"]
[Board "2"]
[White "Freitag, Manfred"]
[Black "Weiss, Christian"]
[Result "1/2-1/2"]
[WhiteElo "2374"]
[BlackElo "2378"]
[PlyCount "98"]
[EventDate "2017.10.27"]
[EventType "team"]
[EventRounds "11"]
[EventCountry "AUT"]
[WhiteTeam "SPG Fuerstenfeld/Hartberg"]
[BlackTeam "UNION Ansfelden"]

1. e4 c5 2. Nf3 e6 3. d4 cxd4 4. Nxd4 a6 5. c4 Nf6 6. Nc3 Qc7 7. Be2 Bb4 8. O-O
Bxc3 9. bxc3 Nxe4 10. Bf3 Nc5 11. Nb3 d6 12. Bf4 e5 13. Nxc5 Qxc5 14. Be3 Qc7
15. Qb3 O-O 16. Rab1 Nc6 17. Bb6 Qe7 18. Rfe1 Be6 19. Rbd1 Rac8 20. Rd2 Nb8 21.
Qa3 Nd7 22. Be3 Nc5 23. Red1 e4 24. Be2 Nd3 25. Bxd3 exd3 26. Rxd3 Bxc4 27.
Rxd6 Rfe8 28. Qb2 Bb5 29. h3 Qc7 30. Rb6 Rcd8 31. Rxd8 Rxd8 32. f4 Re8 33. Qd2
h6 34. Bf2 Rd8 35. Qe1 Bc6 36. Rb4 Qa5 37. Bd4 Rd6 38. Qe5 Qxe5 39. fxe5 Rg6
40. Rb2 b5 41. Kh2 Bd5 42. a3 Bc4 43. g4 Rc6 44. Kg3 Kf8 45. h4 Ke7 46. Kf4 Be6
47. g5 hxg5+ 48. hxg5 Rc4 49. Rb4 Rxb4  1/2-1/2

[Event "2. BUNDESLIGA MITTE 2017/2018"]
[Site "St. Valentin, Pinggau/Villach/Taufkirchen, Fuerstenfeld, St. Veit"]
[Date "2017.10.28"]
[Round "2"]
[Board "3"]
[White "Moser, Guenter"]
[Black "Poetz, Florian"]
[Result "1-0"]
[WhiteElo "2301"]
[BlackElo "2385"]
[PlyCount "83"]
[EventDate "2017.10.27"]
[EventType "team"]
[EventRounds "11"]
[EventCountry "AUT"]
[WhiteTeam "UNION Ansfelden"]
[BlackTeam "SPG Fuerstenfeld/Hartberg"]

1. d4 Nf6 2. c4 c5 3. d5 e6 4. Nc3 exd5 5. cxd5 d6 6. g3 g6 7. Bg2 Bg7 8. Nf3
O-O 9. O-O Re8 10. Nd2 a6 11. a4 Nbd7 12. h3 Qc7 13. a5 b5 14. axb6 Nxb6 15.
Kh2 Rb8 16. f4 c4 17. e4 Nfd7 18. Na4 Nxa4 19. Rxa4 Nc5 20. Rxc4 a5 21. Rc2 Ba6
22. Rf3 Qe7 23. Ra3 a4 24. Rxc5 dxc5 25. Rxa4 Bb5 26. Ra3 Ra8 27. Qb3 Rxa3 28.
bxa3 Qd7 29. e5 Ba6 30. a4 c4 31. Nxc4 Qc7 32. Nd6 Rb8 33. Qe3 f6 34. exf6 Bxf6
35. Qe6+ Kg7 36. Ne4 Bd4 37. Qxa6 Qxc1 38. Qf1 Qc2 39. Ng5 Kh8 40. Qe1 Bf6 41.
Qe6 Qf5 42. Qd6  1-0

[Event "2. BUNDESLIGA MITTE 2017/2018"]
[Site "St. Valentin, Pinggau/Villach/Taufkirchen, Fuerstenfeld, St. Veit"]
[Date "2017.10.28"]
[Round "2"]
[Board "4"]
[White "Kuba, Guenter"]
[Black "Knoll, Hermann"]
[Result "1/2-1/2"]
[WhiteElo "2336"]
[BlackElo "2333"]
[PlyCount "53"]
[EventDate "2017.10.27"]
[EventType "team"]
[EventRounds "11"]
[EventCountry "AUT"]
[WhiteTeam "SPG Fuerstenfeld/Hartberg"]
[BlackTeam "UNION Ansfelden"]

1. e4 e5 2. Nf3 Nc6 3. Bc4 Nf6 4. d3 Bc5 5. c3 a6 6. Bb3 d6 7. O-O Ba7 8. Nbd2
O-O 9. h3 Ne7 10. Re1 Ng6 11. Nf1 h6 12. Ng3 c6 13. d4 Qc7 14. Be3 Re8 15. a4
a5 16. Qc2 Be6 17. Rad1 Bxb3 18. Qxb3 exd4 19. Bxd4 Bxd4 20. cxd4 Re7 21. Rc1
Rae8 22. Nd2 Nf4 23. Qf3 Ng6 24. Qb3 Nf4 25. Qf3 Ng6 26. Qb3 Nf4 27. Qf3
 1/2-1/2

[Event "2. BUNDESLIGA MITTE 2017/2018"]
[Site "St. Valentin, Pinggau/Villach/Taufkirchen, Fuerstenfeld, St. Veit"]
[Date "2017.10.28"]
[Round "2"]
[Board "5"]
[White "Ennsberger, Ulrich"]
[Black "Spindelboeck, Gernot"]
[Result "1-0"]
[WhiteElo "2267"]
[BlackElo "2218"]
[PlyCount "81"]
[EventDate "2017.10.27"]
[EventType "team"]
[EventRounds "11"]
[EventCountry "AUT"]
[WhiteTeam "UNION Ansfelden"]
[BlackTeam "SPG Fuerstenfeld/Hartberg"]

1. d4 Nf6 2. Bg5 d5 3. Nf3 c5 4. Bxf6 gxf6 5. Nc3 Nc6 6. e3 cxd4 7. exd4 Bg4 8.
Be2 e6 9. O-O Bg7 10. Ne1 f5 11. Bxg4 fxg4 12. Qxg4 Bxd4 13. Nf3 Bxc3 14. bxc3
Qf6 15. Nd4 Nxd4 16. cxd4 O-O-O 17. c3 Rhg8 18. Qe2 Rd7 19. Rab1 Rc7 20. Rb3
Kb8 21. Rfb1 Ka8 22. Qb2 Qe7 23. a4 Rgc8 24. a5 a6 25. g3 h5 26. h4 Qd7 27. Rb6
Rxc3 28. Rxb7 Rc1+ 29. Rxc1 Rxc1+ 30. Qxc1 Qxb7 31. Kh2 f6 32. Qf4 Qe7 33. Qf3
Qf7 34. Qb3 Qc7 35. Qf3 Qxa5 36. Qxh5 Qd8 37. Qf7 e5 38. h5 Qh8 39. Qg6 Kb7 40.
h6 Kb6 41. Qg7  1-0

[Event "2. BUNDESLIGA MITTE 2017/2018"]
[Site "St. Valentin, Pinggau/Villach/Taufkirchen, Fuerstenfeld, St. Veit"]
[Date "2017.10.28"]
[Round "2"]
[Board "6"]
[White "Stradner, Stefan"]
[Black "Mostbauer, Florian"]
[Result "0-1"]
[WhiteElo "2179"]
[BlackElo "2307"]
[PlyCount "74"]
[EventDate "2017.10.27"]
[EventType "team"]
[EventRounds "11"]
[EventCountry "AUT"]
[WhiteTeam "SPG Fuerstenfeld/Hartberg"]
[BlackTeam "UNION Ansfelden"]

1. Nf3 Nf6 2. c4 c6 3. g3 d5 4. Bg2 Bf5 5. O-O e6 6. cxd5 exd5 7. d3 Bc5 8. Qc2
Qe7 9. Nc3 a6 10. Bg5 h6 11. Bxf6 gxf6 12. e4 dxe4 13. Nxe4 Nd7 14. Nxc5 Qxc5
15. Rfe1+ Be6 16. Qa4 O-O-O 17. Rac1 Qb5 18. Qf4 Qf5 19. Qa4 Nc5 20. g4 Nxa4
21. gxf5 Bxf5 22. b3 Nb2 23. Nh4 Be6 24. Ng6 Nxd3 25. Nxh8 Nxe1 26. Nxf7 Bxf7
27. Rxe1 Rd2 28. Re7 Rd1+ 29. Bf1 Bd5 30. f4 Ra1 31. Re2 a5 32. Kf2 a4 33. Bh3+
Kc7 34. Re7+ Kd6 35. Rd7+ Kc5 36. bxa4 Rxa2+ 37. Kg3 Ra3+  0-1

[Event "2. BUNDESLIGA MITTE 2017/2018"]
[Site "St. Valentin, Pinggau/Villach/Taufkirchen, Fuerstenfeld, St. Veit"]
[Date "2017.10.28"]
[Round "2"]
[Board "1"]
[White "Gonda, Laszlo"]
[Black "Wertjanz, David"]
[Result "1-0"]
[WhiteElo "2510"]
[BlackElo "2338"]
[PlyCount "39"]
[EventDate "2017.10.27"]
[EventType "team"]
[EventRounds "11"]
[EventCountry "AUT"]
[WhiteTeam "ASK St. Valentin"]
[BlackTeam "SC DieKlagenfurter"]

1. d4 Nf6 2. Nf3 e6 3. Bf4 b6 4. e3 Bb7 5. Bd3 d6 6. c4 Be7 7. Nc3 c5 8. d5
exd5 9. cxd5 Nh5 10. Bg3 Nd7 11. Bb5 Nxg3 12. hxg3 a6 13. Bc6 Bxc6 14. dxc6 Nf6
15. g4 Nxg4 16. Nd5 b5 17. c7 Qd7 18. Nb6 Qxc7 19. Nxa8 Qc6 20. Qd5  1-0

[Event "2. BUNDESLIGA MITTE 2017/2018"]
[Site "St. Valentin, Pinggau/Villach/Taufkirchen, Fuerstenfeld, St. Veit"]
[Date "2017.10.28"]
[Round "2"]
[Board "2"]
[White "Singer, Hans"]
[Black "Sandhoefner, Florian"]
[Result "0-1"]
[WhiteElo "2175"]
[BlackElo "2313"]
[PlyCount "64"]
[EventDate "2017.10.27"]
[EventType "team"]
[EventRounds "11"]
[EventCountry "AUT"]
[WhiteTeam "SC DieKlagenfurter"]
[BlackTeam "ASK St. Valentin"]

1. d4 d5 2. c4 c6 3. Nf3 Nf6 4. Qc2 dxc4 5. e3 b5 6. a4 a6 7. b3 cxb3 8. Qxb3
Bb7 9. Ba3 e6 10. Bxf8 Kxf8 11. axb5 cxb5 12. Bxb5 Nc6 13. Bd3 Qe7 14. Nbd2 Nb4
15. O-O Nxd3 16. Qxd3 g6 17. Nb3 Kg7 18. Nc5 Bxf3 19. gxf3 a5 20. Rfb1 Ra7 21.
Rb5 Rd8 22. f4 Nd5 23. Ra4 Qh4 24. Rb3 g5 25. fxg5 Qxg5+ 26. Kh1 Rg8 27. Ra1
Kh8 28. Qf1 Qh5 29. e4 Nf4 30. Rg3 Raa8 31. Ra2 Rab8 32. Rd2 Rxg3  0-1

[Event "2. BUNDESLIGA MITTE 2017/2018"]
[Site "St. Valentin, Pinggau/Villach/Taufkirchen, Fuerstenfeld, St. Veit"]
[Date "2017.10.28"]
[Round "2"]
[Board "3"]
[White "Hajnal, Zoltan"]
[Black "Genser, Harald"]
[Result "1-0"]
[WhiteElo "2390"]
[BlackElo "2296"]
[PlyCount "77"]
[EventDate "2017.10.27"]
[EventType "team"]
[EventRounds "11"]
[EventCountry "AUT"]
[WhiteTeam "ASK St. Valentin"]
[BlackTeam "SC DieKlagenfurter"]

1. e4 e6 2. d4 d5 3. Nc3 Nf6 4. e5 Nfd7 5. f4 c5 6. Nf3 Nc6 7. Be3 a6 8. Qd2 b5
9. dxc5 Bxc5 10. Ne2 Qb6 11. Bxc5 Nxc5 12. Ned4 Nxd4 13. Nxd4 b4 14. Qe3 Rb8
15. O-O-O a5 16. Bb5+ Bd7 17. Bd3 g6 18. g4 h5 19. f5 exf5 20. gxf5 Nxd3+ 21.
Qxd3 gxf5 22. Nxf5 Bxf5 23. Qxf5 Qe6 24. Qf3 Rd8 25. Rd4 Qxe5 26. Qf2 Kf8 27.
Re1 Qg5+ 28. Kb1 Re8 29. Rf1 Rh7 30. Rf4 Qe7 31. b3 Qc7 32. Rf5 Re5 33. Rxe5
Qxe5 34. Qc5+ Kg8 35. Qc8+ Kg7 36. Rg1+ Kf6 37. Qg8 Qf5 38. Qd8+ Ke6 39. Re1+
 1-0

[Event "2. BUNDESLIGA MITTE 2017/2018"]
[Site "St. Valentin, Pinggau/Villach/Taufkirchen, Fuerstenfeld, St. Veit"]
[Date "2017.10.28"]
[Round "2"]
[Board "4"]
[White "Petschar, Kurt"]
[Black "Heimberger, Reinhard"]
[Result "1/2-1/2"]
[WhiteElo "2269"]
[BlackElo "2261"]
[PlyCount "75"]
[EventDate "2017.10.27"]
[EventType "team"]
[EventRounds "11"]
[EventCountry "AUT"]
[WhiteTeam "SC DieKlagenfurter"]
[BlackTeam "ASK St. Valentin"]

1. c4 e6 2. d4 d5 3. Nc3 Nf6 4. Nf3 Be7 5. e3 O-O 6. b3 b6 7. Bd3 Bb7 8. O-O
Ne4 9. Bb2 Nd7 10. cxd5 exd5 11. Qc2 Ndf6 12. Ne5 c5 13. dxc5 Bxc5 14. Nb5 Qe7
15. Nf3 Rfc8 16. Qe2 a6 17. Nbd4 Bb4 18. a3 Bc3 19. h3 Bxb2 20. Qxb2 Rc3 21.
Bxe4 Nxe4 22. Rac1 Rac8 23. Rxc3 Rxc3 24. Rc1 Rxc1+ 25. Qxc1 Qc5 26. Qb2 Bc8
27. Ne5 h6 28. Nd3 Qd6 29. Qc1 Bd7 30. b4 Nf6 31. Nf4 Ne4 32. Qc2 a5 33. f3 Nf6
34. Qc3 axb4 35. axb4 Ne8 36. Qb3 Nc7 37. Qc3 Ne8 38. Qb3  1/2-1/2

[Event "2. BUNDESLIGA MITTE 2017/2018"]
[Site "St. Valentin, Pinggau/Villach/Taufkirchen, Fuerstenfeld, St. Veit"]
[Date "2017.10.28"]
[Round "2"]
[Board "5"]
[White "Theuretzbacher, Klaus"]
[Black "Titz, Heimo"]
[Result "1/2-1/2"]
[WhiteElo "2208"]
[BlackElo "2137"]
[PlyCount "86"]
[EventDate "2017.10.27"]
[EventType "team"]
[EventRounds "11"]
[EventCountry "AUT"]
[WhiteTeam "ASK St. Valentin"]
[BlackTeam "SC DieKlagenfurter"]

1. e4 e5 2. Bc4 Nc6 3. f4 Nf6 4. Nf3 Nxe4 5. fxe5 d5 6. Be2 Be7 7. O-O O-O 8.
d3 Ng5 9. d4 Be6 10. Be3 Nxf3+ 11. Bxf3 f6 12. exf6 Bxf6 13. c3 Qd7 14. Nd2 Ne7
15. Nb3 b6 16. Nc1 Nf5 17. Bf2 Nh4 18. Bxh4 Bxh4 19. Nd3 Bf6 20. a4 a5 21. Qb3
Qd6 22. Rae1 Bf7 23. Ne5 Rad8 24. Bg4 Rfe8 25. Nxf7 Kxf7 26. Rxe8 Kxe8 27. Qc2
g6 28. Qd2 Kf8 29. Re1 Kg7 30. Re6 Qf8 31. Qe3 Qf7 32. Qf4 h5 33. Bh3 g5 34.
Qg3 g4 35. Rc6 Rd7 36. Bxg4 h4 37. Qf2 Rd6 38. Rxd6 cxd6 39. Qf5 Be7 40. Qe6
Bg5 41. Qe1 Qf4 42. Bf3 Qc1 43. Qxc1 Bxc1  1/2-1/2

[Event "2. BUNDESLIGA MITTE 2017/2018"]
[Site "St. Valentin, Pinggau/Villach/Taufkirchen, Fuerstenfeld, St. Veit"]
[Date "2017.10.28"]
[Round "2"]
[Board "6"]
[White "Jakits, Leopold"]
[Black "Kranzl, Peter"]
[Result "1/2-1/2"]
[WhiteElo "2128"]
[BlackElo "2168"]
[PlyCount "84"]
[EventDate "2017.10.27"]
[EventType "team"]
[EventRounds "11"]
[EventCountry "AUT"]
[WhiteTeam "SC DieKlagenfurter"]
[BlackTeam "ASK St. Valentin"]

1. e4 c6 2. d4 d5 3. exd5 cxd5 4. c4 Nf6 5. Nc3 g6 6. Qb3 Bg7 7. cxd5 O-O 8.
Be2 Na6 9. Bf3 Qb6 10. Qxb6 axb6 11. Nge2 Nb4 12. O-O Rd8 13. d6 Rxd6 14. Bf4
Rd7 15. Be5 Nc6 16. Rac1 e6 17. Rfd1 Nxe5 18. dxe5 Ne8 19. Rxd7 Bxd7 20. Rd1
Bc8 21. Na4 Rxa4 22. Rd8 Kf8 23. Rxc8 Rxa2 24. Bxb7 Ra1+ 25. Rc1 Rxc1+ 26. Nxc1
Bxe5 27. Nd3 Bd4 28. Kf1 Nd6 29. Bc6 e5 30. f3 f5 31. Ke2 Ke7 32. Nb4 e4 33.
Bd5 Kf6 34. Nc6 Bg1 35. h3 h5 36. Kf1 Bc5 37. Ke2 Kg5 38. Ne5 exf3+ 39. Kxf3
Kf6 40. Nd7+ Ke7 41. Ne5 g5 42. h4 gxh4  1/2-1/2

[Event "2. BUNDESLIGA MITTE 2017/2018"]
[Site "St. Valentin, Pinggau/Villach/Taufkirchen, Fuerstenfeld, St. Veit"]
[Date "2017.10.28"]
[Round "2"]
[Board "1"]
[White "Heinemann, Thies"]
[Black "Schmidt, Peter"]
[Result "1-0"]
[WhiteElo "2508"]
[BlackElo "2392"]
[PlyCount "63"]
[EventDate "2017.10.27"]
[EventType "team"]
[EventRounds "11"]
[EventCountry "AUT"]
[WhiteTeam "RbEj Gleisdorf"]
[BlackTeam "SPG Sauwald"]

1. e4 d6 2. d4 Nf6 3. Nc3 g6 4. f4 Bg7 5. Nf3 O-O 6. Be3 b6 7. e5 Ng4 8. Bg1 c5
9. h3 Nh6 10. d5 Nf5 11. Bf2 dxe5 12. fxe5 Nd7 13. Qe2 Qc7 14. Nb5 Qb8 15. g4
a6 16. gxf5 axb5 17. Bg3 Nf6 18. fxg6 fxg6 19. d6 Nh5 20. dxe7 Re8 21. Bh2 Ba6
22. Qe3 Rxe7 23. Be2 Qc8 24. Qg5 Rf7 25. Qh4 Bb7 26. O-O Ra4 27. c4 bxc4 28.
Rad1 Qc6 29. Bxc4 Rxc4 30. Qxc4 b5 31. Rd8+ Bf8 32. Qxf7+  1-0

[Event "2. BUNDESLIGA MITTE 2017/2018"]
[Site "St. Valentin, Pinggau/Villach/Taufkirchen, Fuerstenfeld, St. Veit"]
[Date "2017.10.28"]
[Round "2"]
[Board "2"]
[White "Renner, Christoph"]
[Black "Frosch, Ronald"]
[Result "1-0"]
[WhiteElo "2349"]
[BlackElo "2306"]
[PlyCount "124"]
[EventDate "2017.10.27"]
[EventType "team"]
[EventRounds "11"]
[EventCountry "AUT"]
[WhiteTeam "SPG Sauwald"]
[BlackTeam "RbEj Gleisdorf"]

1. e4 c6 2. d4 d5 3. exd5 cxd5 4. Bf4 Nc6 5. c3 Nf6 6. Bd3 g6 7. Nf3 Bg7 8. O-O
O-O 9. Nbd2 Nh5 10. Be3 f5 11. Nb3 f4 12. Bd2 Qd6 13. Re1 Bf6 14. h3 Ng7 15.
Qe2 g5 16. c4 dxc4 17. Bxc4+ Kh8 18. Ne5 Bxe5 19. dxe5 Qh6 20. f3 Be6 21. Rac1
Rac8 22. Bc3 Bxc4 23. Qxc4 Qe6 24. Qe4 b6 25. Red1 Nf5 26. Rd3 Kg8 27. Kh2 Ne3
28. Rxe3 fxe3 29. Qxe3 Qf5 30. Kh1 Qf4 31. Qe1 e6 32. Rd1 Rfd8 33. Nd2 Ne7 34.
Ne4 Nf5 35. Nd6 Nxd6 36. exd6 Rxd6 37. Rd4 Qf8 38. Qe5 Rxc3 39. Qxg5+ Qg7 40.
Qxg7+ Kxg7 41. Rxd6 Rc1+ 42. Kh2 Kf6 43. Rd7 a5 44. Rb7 Rc6 45. h4 h6 46. Kh3
Ke5 47. g4 Kf6 48. a4 Rc4 49. Rxb6 Rxa4 50. Rb5 Ra1 51. Kg3 a4 52. h5 Ra2 53.
Rb7 Ke5 54. f4+ Ke4 55. Rb4+ Kd5 56. g5 a3 57. bxa3 Rxa3+ 58. Kg4 hxg5 59. fxg5
e5 60. g6 Ke6 61. Rb6+ Ke7 62. h6 Ra1  1-0

[Event "2. BUNDESLIGA MITTE 2017/2018"]
[Site "St. Valentin, Pinggau/Villach/Taufkirchen, Fuerstenfeld, St. Veit"]
[Date "2017.10.28"]
[Round "2"]
[Board "3"]
[White "Frosch, Erich"]
[Black "Testor, Sebastian"]
[Result "1-0"]
[WhiteElo "2202"]
[BlackElo "2293"]
[PlyCount "87"]
[EventDate "2017.10.27"]
[EventType "team"]
[EventRounds "11"]
[EventCountry "AUT"]
[WhiteTeam "RbEj Gleisdorf"]
[BlackTeam "SPG Sauwald"]

1. Nf3 Nf6 2. b3 d5 3. Bb2 Bf5 4. h3 h6 5. g4 Bh7 6. Bg2 Nbd7 7. d3 e6 8. c4 c6
9. Nbd2 Be7 10. Qc2 O-O 11. Qc3 b5 12. a4 bxc4 13. bxc4 Rb8 14. Ba3 Bxa3 15.
Qxa3 a5 16. O-O Rb4 17. Qc3 Qb8 18. Nd4 Qa8 19. Nc2 Rb7 20. Rfb1 Rfb8 21. Rxb7
Rxb7 22. Nb3 Ra7 23. Rc1 Nb6 24. c5 Nbd7 25. f4 Qb8 26. Rf1 Qc7 27. Nd2 Nb8 28.
e4 Na6 29. f5 dxe4 30. dxe4 Nd7 31. Nb3 Naxc5 32. Nxc5 Qb6 33. Rd1 Kf8 34. Rxd7
Rxd7 35. Ne3 Qb1+ 36. Bf1 Re7 37. f6 gxf6 38. Qxf6 Qb6 39. Qh8+ Bg8 40. Qxh6+
Ke8 41. Qg5 Bh7 42. Nc4 Qd8 43. Qg7 Ra7 44. Nxe6  1-0

[Event "2. BUNDESLIGA MITTE 2017/2018"]
[Site "St. Valentin, Pinggau/Villach/Taufkirchen, Fuerstenfeld, St. Veit"]
[Date "2017.10.28"]
[Round "2"]
[Board "4"]
[White "Taggatz, Mario"]
[Black "Wegerer, Fred"]
[Result "1-0"]
[WhiteElo "2183"]
[BlackElo "2135"]
[PlyCount "77"]
[EventDate "2017.10.27"]
[EventType "team"]
[EventRounds "11"]
[EventCountry "AUT"]
[WhiteTeam "SPG Sauwald"]
[BlackTeam "RbEj Gleisdorf"]

1. g3 Nf6 2. Bg2 e5 3. c4 Nc6 4. Nc3 Bb4 5. Nf3 O-O 6. O-O Re8 7. d3 h6 8. Bd2
a5 9. Nd5 Bxd2 10. Nxd2 Nh7 11. a3 Nd4 12. e3 Ne6 13. b4 c6 14. Nc3 d6 15. b5
Bd7 16. Rb1 Re7 17. Qc2 Rc8 18. bxc6 bxc6 19. Rb2 Be8 20. Na4 Nf6 21. Rfb1 Rec7
22. Nb3 Ra7 23. c5 d5 24. Nb6 Rcc7 25. a4 Qe7 26. Qc3 e4 27. dxe4 Nxe4 28. Bxe4
dxe4 29. Qe5 f5 30. Rd1 Bf7 31. Rd6 g6 32. Nd4 Nxd4 33. Qxd4 Kh7 34. Rd8 g5 35.
Rh8+ Kg6 36. Qd6+ Qe6 37. Rd2 Kg7 38. Qf8+ Kf6 39. Rd6  1-0

[Event "2. BUNDESLIGA MITTE 2017/2018"]
[Site "St. Valentin, Pinggau/Villach/Taufkirchen, Fuerstenfeld, St. Veit"]
[Date "2017.10.28"]
[Round "2"]
[Board "5"]
[White "Manhardt, Thomas"]
[Black "Hellmayr, Alois"]
[Result "1-0"]
[WhiteElo "2220"]
[BlackElo "2256"]
[PlyCount "77"]
[EventDate "2017.10.27"]
[EventType "team"]
[EventRounds "11"]
[EventCountry "AUT"]
[WhiteTeam "RbEj Gleisdorf"]
[BlackTeam "SPG Sauwald"]

1. e4 c5 2. Be2 g6 3. f4 Bg7 4. Nf3 d5 5. d3 Nc6 6. O-O e6 7. c3 Nge7 8. Qe1 h5
9. Na3 b6 10. Nc2 Qd7 11. Bd2 Ba6 12. Rd1 O-O-O 13. b4 cxb4 14. cxb4 dxe4 15.
dxe4 Bxe2 16. Qxe2 Qd3 17. Qxd3 Rxd3 18. b5 Nb8 19. Bb4 Rxd1 20. Rxd1 Rd8 21.
Rc1 Rd7 22. Ne3+ Kb7 23. Nc4 Nc8 24. e5 f6 25. Bd6 fxe5 26. fxe5 Bh6 27. Rc3
Ne7 28. Bxe7 Rxe7 29. Nd6+ Ka8 30. Kf2 Rd7 31. Rc8 Bg7 32. Ke3 a6 33. a4 Ka7
34. Ke4 Bh6 35. Nd4 axb5 36. axb5 Bd2 37. Nc6+ Nxc6 38. bxc6 Rh7 39. c7  1-0

[Event "2. BUNDESLIGA MITTE 2017/2018"]
[Site "St. Valentin, Pinggau/Villach/Taufkirchen, Fuerstenfeld, St. Veit"]
[Date "2017.10.28"]
[Round "2"]
[Board "6"]
[White "Hiermann, Dietmar"]
[Black "Wanderer, Thomas"]
[Result "0-1"]
[WhiteElo "2257"]
[BlackElo "2213"]
[PlyCount "90"]
[EventDate "2017.10.27"]
[EventType "team"]
[EventRounds "11"]
[EventCountry "AUT"]
[WhiteTeam "SPG Sauwald"]
[BlackTeam "RbEj Gleisdorf"]

1. e4 c5 2. Nf3 e6 3. d4 cxd4 4. Nxd4 Bc5 5. Nc3 Qb6 6. Na4 Qa5+ 7. c3 Bxd4 8.
Qxd4 Nf6 9. Nc5 O-O 10. Nb3 Qh5 11. Qe3 Nc6 12. Bd3 Ne5 13. Bc2 h6 14. O-O b6
15. Re1 Bb7 16. f3 Rac8 17. Qe2 Rfd8 18. Bf4 Nc4 19. Bd3 d5 20. e5 Nd7 21. Rad1
b5 22. Nd4 a6 23. g4 Qh4 24. Bg3 Qe7 25. f4 Nc5 26. Rf1 Ne4 27. Nf3 Qc5+ 28.
Nd4 b4 29. Bxe4 dxe4 30. cxb4 Qxb4 31. b3 Nb6 32. Be1 Qc5 33. Bf2 Qc3 34. Be1
Qh3 35. Ba5 Nd5 36. Bxd8 Nc3 37. Qg2 Qxg2+ 38. Kxg2 e3+ 39. Kg1 Nxd1 40. Rxd1
Rxd8 41. Kf1 Bf3 42. Rd3 Be4 43. Rd1 Bc2 44. Nxc2 Rxd1+ 45. Ke2 Rd2+  0-1

[Event "2. BUNDESLIGA MITTE 2017/2018"]
[Site "St. Valentin, Pinggau/Villach/Taufkirchen, Fuerstenfeld, St. Veit"]
[Date "2017.10.28"]
[Round "2"]
[Board "1"]
[White "Berczes, David"]
[Black "Buhmann, Rainer"]
[Result "1/2-1/2"]
[WhiteElo "2499"]
[BlackElo "2589"]
[PlyCount "60"]
[EventDate "2017.10.27"]
[EventType "team"]
[EventRounds "11"]
[EventCountry "AUT"]
[WhiteTeam "Leoben"]
[BlackTeam "SC MPOE Maria Saal 2"]

1. e4 e6 2. d4 d5 3. Nd2 c5 4. Ngf3 cxd4 5. exd5 Qxd5 6. Bc4 Qd8 7. O-O Nc6 8.
Nb3 a6 9. Bf4 Bd6 10. Bxd6 Qxd6 11. Nbxd4 Nxd4 12. Qxd4 Qxd4 13. Nxd4 Bd7 14.
f4 Ne7 15. Rad1 O-O-O 16. Nf3 Be8 17. Kf2 Rxd1 18. Rxd1 Kc7 19. Ne5 h6 20. Be2
Nc6 21. Bf3 f6 22. Nxc6 Bxc6 23. Bxc6 Kxc6 24. Rd3 g5 25. g3 Rg8 26. Rc3+ Kd6
27. Rd3+ Kc6 28. Rc3+ Kd6 29. Rd3+ Kc6 30. Rc3+ Kd6  1/2-1/2

[Event "2. BUNDESLIGA MITTE 2017/2018"]
[Site "St. Valentin, Pinggau/Villach/Taufkirchen, Fuerstenfeld, St. Veit"]
[Date "2017.10.28"]
[Round "2"]
[Board "2"]
[White "Kreisl, Robert"]
[Black "Farago, Ivan"]
[Result "1/2-1/2"]
[WhiteElo "2406"]
[BlackElo "2366"]
[PlyCount "82"]
[EventDate "2017.10.27"]
[EventType "team"]
[EventRounds "11"]
[EventCountry "AUT"]
[WhiteTeam "SC MPOE Maria Saal 2"]
[BlackTeam "Leoben"]

1. Nf3 Nf6 2. c4 e6 3. Nc3 Bb4 4. Qc2 O-O 5. a3 Bxc3 6. Qxc3 b6 7. e3 Bb7 8.
Be2 d5 9. b4 a5 10. Bb2 axb4 11. axb4 Rxa1+ 12. Bxa1 c5 13. bxc5 bxc5 14. O-O
Nbd7 15. cxd5 Bxd5 16. d3 Qc7 17. Rc1 Rc8 18. Ne5 Nxe5 19. Qxe5 Qxe5 20. Bxe5
Nd7 21. Bb2 Ra8 22. Ra1 Rxa1+ 23. Bxa1 f6 24. f4 Kf7 25. Kf2 e5 26. g3 e4 27.
g4 g6 28. dxe4 Bxe4 29. Bc4+ Ke7 30. g5 Bf5 31. h4 Be6 32. gxf6+ Nxf6 33. Bxf6+
Kxf6 34. Bxe6 Kxe6 35. e4 h6 36. Ke3 Kf6 37. Kd3 g5 38. hxg5+ hxg5 39. fxg5+
Kxg5 40. Kc4 Kf4 41. Kxc5 Kxe4  1/2-1/2